000 00305nam a22001337a 4500
008 170614b xxu||||| |||| 00| 0 eng d
020 _a0870236555
041 _aeng
080 _a32
100 _a19
101 _aSHP
245 _aTHE DESPERATE POLITICS OF POSTMODERNISM
_cKARIEL,H.S
942 _2udc
_cBK
999 _c17354
_d17354